Statistiques concernant Circuits de Mario Kart DS

Cliquez ici pour prendre le quiz!

Statistiques générales

  • Ce quiz a été pris 253 fois
  • Le résultat moyen est 20 sur 32

Statistiques - réponses

Réponse% Correct
Route Arc-en-ciel
90%
Château de Bowser
87%
Château de Bowser 2 (GBA)
87%
Circuit Mario
86%
Circuit Mario 1 (SNES)
86%
Circuit en 8
74%
Circuit Luigi (GBA)
74%
Circuit Luigi (GCN)
74%
Manoir de Luigi
74%
Circuit Yoshi (GCN)
69%
Flipper Waluigi
67%
Stade Wario
67%
Jardin Peach
66%
Plage Cheep Cheep
65%
Quartier Delfino
63%
Montagne Choco (N64)
62%
Horloge Tic-Tac
58%
Cascades Yoshi
57%
Circuit Peach (GBA)
57%
Bateau Volant
56%
Parc Baby (GCN)
55%
Alpes DK
53%
Désert du Soleil
53%
Corniche Champignon
50%
Ferme Meuh Meuh (N64)
49%
Ponton Lugubre (N64)
49%
Pont Champignon (GCN)
47%
Plage Koopa 2 (SNES)
45%
Plaine Donut 1 (SNES)
43%
Jardin Volant (GBA)
42%
Île Choco 2 (SNES)
34%
Route Glagla (N64)
33%

Distribution des résultats

Percentile par nombre de réponses

% des personnes avec chaque résultat

Votre développement - résultats

Vous n’avez pas pris ce quiz